000 00431nam a2200205Ia 4500
001 001126
003 YMCAF
005 20230512160048.0
008 100717s1971 ||||||||||||||||| ||und|d
024 _a1126
035 _a1108
040 _aYMCAF
_beng
_cIN-KoLT
041 _aeng
082 _aLIQ-DAN13
100 _aDANFOSS
245 0 _aLIQUID INTECTIN IN TO EVOPORATERS
260 _c1971
300 _a0
942 _2ddc
_cBK
999 _c907
_d907